000 00206 a2200097 4500
020 _a9789500730440
041 _aspa
100 _aGuerrero gonzalo alvarez
245 _aMaxima una historia real
942 _cBK
999 _c10691
_d10691